000
00285nam a22001337a 4500
020
_a
0072363967
082
_a
150
100
_a
Karen G. Duffy (ed)
245
_a
Psychology
250
_a
30th ed.
260
_a
Guilford
_b
Dushkin mcGraw Hill
_c
2000.
300
_a
229p
942
_c
BK
999
_c
2863
_d
2863